000
00326nam a2200133Ia 4500
005
20260328101451.0
008
260328s9999||||xx |||||||||||||| ||und||
100
_a
Van Hensbergen, Gijs
245
0
_a
Antoni Gaudí /
_c
Gijs Van Hensbergen
260
_b
Plaza & Janés
300
_a
347 p.
650
_a
ARQUITECTOS
942
_c
BK
999
_c
8678
_d
8678